Khoa học và công nghệ Đồng Nai: Đóng góp to lớn vào sự phát triển kinh tế xã hội của tỉnh

Đã lưu trong:
書目詳細資料
主要作者: Nguyệt, Trinh
格式: 圖書
語言:Undetermined
主題:
在線閱讀:http://lrc.tdmu.edu.vn/opac/search/detail.asp?aID=2&ID=35722
標簽: 添加標簽
沒有標簽, 成為第一個標記此記錄!
Thư viện lưu trữ: Trung tâm Học liệu Trường Đại học Thủ Dầu Một
LEADER 00628nam a2200133Ia 4500
001 TDMU_35722
008 210410s9999 xx 000 0 und d
082 |a 352.4 
100 |a Nguyệt, Trinh 
245 0 |a Khoa học và công nghệ Đồng Nai: Đóng góp to lớn vào sự phát triển kinh tế xã hội của tỉnh 
300 |a Tr.16-19 
650 |a Khoa học Công nghệ; Đồng Nai; Khoa học và công nghệ; Phát triển kinh tế 
856 |u http://lrc.tdmu.edu.vn/opac/search/detail.asp?aID=2&ID=35722 
980 |a Trung tâm Học liệu Trường Đại học Thủ Dầu Một